An archaeological survey of the Southeast Water Supply Corporation expansion project in eastern Leon County, Texas /

Bibliographic Details
Main Author: Moore, William E., 1943-
Corporate Authors: Brazos Valley Research Associates, Texas Antiquities Committee
Format: Book
Language:English
Published: Bryan, Tex. : Brazos Valley Research Associates, 2002.
Series:Contract reports (Brazos Valley Research Associates) ; no. 105.
Subjects:

MARC

Tag First Indicator Second Indicator Subfields
LEADER 00000cam a2200000Ia 4500
001 in00002108939
005 20151103051012.0
008 030109s2002 txub b 000 0 eng d
035 |a (OCoLC)ocm51331879 
040 |a TXK  |c TXK  |d OCLCQ  |d TXA  |d UtOrBLW 
043 |a n-us-tx 
049 |a TXAM 
090 |a F392.L46  |b M6665 2002 
100 1 |a Moore, William E.,  |d 1943- 
245 1 3 |a An archaeological survey of the Southeast Water Supply Corporation expansion project in eastern Leon County, Texas /  |c principal investigator, William E. Moore ; prepared for Southeast Water Supply Corporation ; prepared by Brazos Valley Research Associates. 
246 3 0 |a Southeast Water Supply Corporation expansion project in eastern Leon County, Texas 
264 1 |a Bryan, Tex. :  |b Brazos Valley Research Associates,  |c 2002. 
300 |a iv, 13 leaves :  |b maps ;  |c 28 cm. 
336 |a text  |b txt  |2 rdacontent 
337 |a unmediated  |b n  |2 rdamedia 
338 |a volume  |b nc  |2 rdacarrier 
490 1 |a Contract report / Brazos Valley Research Associates ;  |v no. 105 
500 |a [Texas] Antiquities [Committee] permit 2929. 
500 |a "Brazos Valley Research Associates project number 02-13." 
504 |a Includes bibliographical references (leaves 12-13). 
650 0 |a Archaeological surveying  |z Texas  |z Leon County. 
651 0 |a Leon County (Tex.)  |x Antiquities. 
710 2 |a Brazos Valley Research Associates. 
710 2 |a Texas Antiquities Committee. 
830 0 |a Contract reports (Brazos Valley Research Associates) ;  |v no. 105. 
994 |a C0  |b TXA 
948 |a cataloged  |b h  |c 2006/2/22  |d c  |e rrojas/erowan 
999 |a MARS 
999 f f |s dce50cba-6eda-3c86-aeff-4d8ea39ac29c  |i 55fe5c87-84d7-3e46-b653-5d4cfd9cf4c3  |t 0 
952 f f |p ric  |a Texas A&M University  |b Rellis Campus  |c Joint Library Facility  |d Remote Storage  |t 0  |e F392.L46 M6665 2002  |h Library of Congress classification  |i unmediated -- volume  |m A14833900537 
998 f f |a F392.L46 M6665 2002  |t 0  |l Remote Storage